| 000 | 00999nam a2200217 a 4500 | ||
|---|---|---|---|
| 001 | 77832 | ||
| 003 | BD-RjUL | ||
| 005 | 20211209083035.0 | ||
| 008 | 210125s2003 ua ||||| |||| 00| 0 ara d | ||
| 020 |
_a9773230554 _c: 102.00 |
||
| 035 | _a(BD-RjUL) 78058 | ||
| 040 |
_aBD-RjUL _beng _cBD-RjUL |
||
| 041 | _aara | ||
| 082 |
_223 _a297.1227 _bRAT 2003 |
||
| 100 | 1 |
_aفخرالدين محمد بن عمر بن الحسين ن الحسن ابن التميمى البكر, الرازي Rāzī, Fakhr al-Dīn Muḥammad ibn ʻUmar, _d1149 or 1150-1210 _9243873 |
|
| 245 | 1 | 4 |
_aالتفسير الكبير أو مفاتيح الغيب Al-Tafsīr al-kabīr aw Mafātīḥ al-ghayb / _cفخرالدين محمد بن عمر بن الحسين ن الحسن ابن التميمى البكري الرازي Fakhruddin mohamad bin umar bin al Husin bin il Hasan ibn ali ai Tamiyia al bakria al Rajii |
| 300 | _a16 v. ; | ||
| 505 | _aVol.1-16 | ||
| 650 |
_aQuran _vCommentaries _9243874 |
||
| 942 |
_2ddc _cBK |
||
| 999 |
_c77832 _d77832 |
||